50 czasowników po angielsku w 3 minuty! - Statystyki

Ogólne statystyki
  • Ten quiz został rozwiązany 206 razy
  • Średni wynik to 33 z 50
Statystyki odpowiedzi
Po Polsku Po Angielsku % Poprawnych
Biegać Run
98%
Być Be
97%
Lubić Like
97%
Grać, Bawić się Play
97%
Iśc, Jechać Go
95%
Dawać Give
93%
Mieć Have
93%
Czuć (się) Feel
91%
Myśleć Think
88%
Pomagać Help
87%
Móc, Potrafić Can
85%
Pracować Work
84%
Robić Do
83%
Chcieć Want
83%
Brać Take
81%
Patrzeć, Wyglądać Look
79%
Dzwonić, Wzywać Call
78%
Znać, Wiedzieć Know
78%
Pytać, Prosić Ask
76%
Słyszeć Hear
76%
Żyć, Mieszkać Live
76%
Próbować Try
76%
Potrzebować Need
74%
Rozmawiać Talk
72%
Używać Use
68%
Opuszczać, Zostawiać, Wyjeżdzać Leave
67%
Pokazywać Show
65%
Zaczynać Start
65%
Mógłbym, Mógłbyś" Could
64%
Dostać Get
64%
Powinno się Should
64%
Znaleźć Find
59%
Robić Make
59%
Kłaść Put
57%
Mówić Say
57%
Wiedzieć See
51%
Przychodzić, Przybywać Come
50%
Stawać Się Become
47%
Ruszać Move
45%
Zaczynać Begin
42%
Skręcać, Obracać Turn
42%
Pozwalać Let
40%
Mówić Tell
40%
Zrobiłby, służy do tworzenia trybu przypuszczaj. Would
39%
Znaczyć, Mieć na myśli Mean
37%
Móc (pozwolenie) May
31%
Zrobi (operator), tworzy czasy przeszłe Will
25%
Móc (przypuszczenie) Might
24%
Wydawać się Seem
23%
Trzymać, Hodować, Kontynuować Keep
20%
Nie znaleziono quizów pasujących do podanych kryteriów
Rozkład punktacji
Procent ludzi z każdym wynikiem
Percentyl według liczby udzielonych odpowiedzi
Twoja historia wyników
Nie rozwiązałeś tego quizu